| 000 | 00504nam a2200217 i 4500 | ||
|---|---|---|---|
| 001 | bg | ||
| 100 | 1 | _aKLEIN, Gerald | |
| 245 | 1 | 0 |
_aDictionary of banking / _cGerald Klein. |
| 250 | _a2nd ed. | ||
| 260 |
_aLondon : _bPitman, _c1995. |
||
| 300 |
_a[4], 348 s. ; _c22 cm. |
||
| 650 | 9 | _aBanki | |
| 655 | _aEncyklopedie | ||
| 020 | _a027361424X | ||
| 040 | _cBPK | ||
| 041 | 0 | _aen | |
| 080 | _a336.71(03) | ||
| 920 | _a0-273-61424-X | ||
| 942 | _cKS | ||
| 008 | s pl f |000 0 pol | ||
| 999 |
_c33472 _d33472 |
||
| 856 |
_uhttp://koha.tu.koszalin.pl/cgi-bin/koha/opac-detail.pl?biblionumber=33472 _yKatalog online BPK |
||